Normal view
MARC view
Entry Personal Name
001 - CONTROL NUMBER
- control field: 514633
003 - CONTROL NUMBER IDENTIFIER
- control field: OSt
005 - DATE AND TIME OF LATEST TRANSACTION
- control field: 20220928145909.0
008 - FIXED-LENGTH DATA ELEMENTS
- fixed length control field: 220928|| aca||aabn | a|a d
040 ## - CATALOGING SOURCE
- Original cataloging agency: OSt
- Transcribing agency: OSt
100 ## - HEADING--PERSONAL NAME
- Personal name: Sherbo Arthur Ed
670 ## - SOURCE DATA FOUND
- Source citation: Work cat.: (OSt)837459: Sherbo Arthur Ed., Johnson on Shakespeare., 1968
